[Event "Torino Sada op"]
[Site "Torino"]
[Date "2011.10.03"]
[Round "3"]
[White "Bacchini, Alessandro"]
[Black "Pitica, Silviu Valentin"]
[Result "0-1"]
[WhiteElo "1440"]
[BlackElo "1518"]
[PlyCount "56"]
[EventDate "2011.09.19"]
[EventType "swiss"]
[EventRounds "7"]
[EventCountry "ITA"]
[SourceTitle "EXT 2018"]
[Source "ChessBase"]
[SourceDate "2017.10.13"]
[SourceVersion "1"]
[SourceVersionDate "2017.10.13"]
[SourceQuality "1"]

1. d4 f5 2. c4 Nf6 3. Nf3 e6 4. e3 Be7 5. Be2 0-0 6. 0-0 d6 7. Nc3 a6 8. Bd2 Qe8 9. Re1 Ne4 10. Bd3 Nxd2 11. Qxd2 g5 12. e4 f4 13. Qc2 Qh5 14. Be2 g4 15. Nd2 Nc6 16. f3 g3 17. h3 Nxd4 18. Qd3 e5 19. Bf1 c6 20. Ne2 Ne6 21. Nc3 Ng5 22. Re2 Rf6 23. Rb1 Rh6 24. Nd5 cxd5 25. Qxd5+ Kh8 26. c5 Bxh3 27. cxd6 Be6 28. dxe7 Qh1# 0-1